000 02107nam a2200289Ia 4500
999 _c55456
_d55456
001 22538
003 GE_BSU
005 20220920095903.0
008 181216s2013||||ge |||||||||||||| ||geo||
040 _cGE_BSU
041 _ageo
080 _a61 ბ-85
100 _aბოჟაძე, ანა
_911572
245 _aქრისტესისხლას მიწისზედა ნაწილებიდან მიზანმიმართული მიწოდების ციტოტოქსიკური საშუალების შემუშავება: დისერტაცია /
_cანა ბოჟაძე; სამეცნიერო ხელმძღვანელი ალიოშა ბაკურიძე, ვალენტინა ვაჩნაძე; თბილისის სახელმწიფო სამედიცინო უნივერსიტეტი.
264 _aთბილისი,
_c2013.
300 _a235 გვ. :
_bილუსტრაციები, ცხრილები ;
_c23 სმ.
504 _aბიბლ.გვ. 212-225
653 _aფარმაცია
653 _aქრისტესისხლას მიწისზედა ნაწილებიდან მიზანმიმართული მიწოდების ციტოტოქსიკური საშუალების შემუშავება
653 _aდისერტაცია
653 _aბოტანიკა
653 _aექსპერიმენტული კვლევები
700 _aბაკურიძე, ალიოშა
_eსამეცნიერო ხელმძღვანელები
_92889
700 _aვაჩნაძე, ვალენტინა
_eსამეცნიერო ხელმძღვანელები
_911573
710 _aთბილისის სახელმწიფო სამედიცინო უნივერსიტეტი
_911574
942 _cBK
_2udc